A modern approach to verbal reasoning / (Record no. 153404)

MARC details
000 -LEADER
fixed length control field 00568nam a22001937a 4500
005 - DATE AND TIME OF LATEST TRANSACTION
control field 20180705105329.0
010 ## - LCCN (DPL NO)
LC control number ENG-123380
020 ## - INTERNATIONAL STANDARD BOOK NUMBER
Terms of availability 595.00
International Standard Book Number 9789352832170
035 ## - SYSTEM CONTROL NUMBER
System control number EN-106912
037 ## - SOURCE OF ACQUISITION
Source of stock number/acquisition DBAD/PUB
082 ## - DEWEY DECIMAL CLASSIFICATION NUMBER
Classification number 000
100 ## - MAIN ENTRY--PERSONAL NAME
Personal name Aggarwal, R.S.
245 00 - TITLE STATEMENT
Title A modern approach to verbal reasoning /
Statement of responsibility, etc by R.S. Aggarwal
250 ## - EDITION STATEMENT
Edition statement Revised Edn.
260 ## - PUBLICATION, DISTRIBUTION, ETC. (IMPRINT)
Place of publication, distribution, etc New Delhi
Name of publisher, distributor, etc S. Chand and Company
Date of publication, distribution, etc 2018
270 ## - ADDRESS
Address 7361, Ram Nagar,
City New Delhi
Postal code 110055
300 ## - PHYSICAL DESCRIPTION
Extent various paging
Dimensions 27cm(pbk)
Other physical details ill.
942 ## - ADDED ENTRY ELEMENTS (KOHA)
Source of classification or shelving scheme Dewey Decimal Classification
Item type English Books
Call number suffix AGG
Classification part 000
Holdings
Withdrawn status Lost status Not for loan Collection code Home library Current library Date acquired Source of acquisition Cost, normal purchase price Full call number Barcode Copy number Cost, replacement price Koha item type
      Non-fiction Mobile Library Mobile Library 05/07/2018 DBAD/PUB 595.00 000 AGG EN-106912 1 595.00 English Books

© Delhi Public Library
Hit Counter
free hit counter